000 00314nam a22001217a 4500
050 _aQD241
_b.E54
100 _aP.B.D. de la Mare
245 _alectrophilic additions to unsaturated systems,
260 _aAmsterdam, New York
_b Elsevier Pub. Co.
_c1966.
300 _ax, 284 p
700 _aR. Bolton.
942 _cGEN
999 _c2264
_d2264